Mathematics applied to electrical engineering (Record no. 7498)

MARC details
000 -LEADER
fixed length control field 00666nam a2200205Ia 4500
003 - CONTROL NUMBER IDENTIFIER
control field IN-BaIIA
008 - FIXED-LENGTH DATA ELEMENTS--GENERAL INFORMATION
fixed length control field 211028s9999 xx 000 0 eng d
040 ## - CATALOGING SOURCE
Transcribing agency IIA Library
080 ## - UNIVERSAL DECIMAL CLASSIFICATION NUMBER
Universal Decimal Classification number 621.3:51
Item number WAR
100 ## - MAIN ENTRY--PERSONAL NAME
Personal name Warren, A. G.
9 (RLIN) 12773
245 #0 - TITLE STATEMENT
Title Mathematics applied to electrical engineering
Statement of responsibility, etc. A. G. Warren
260 ## - PUBLICATION, DISTRIBUTION, ETC.
Place of publication, distribution, etc. London,
Name of publisher, distributor, etc. Chapman and Hall
Date of publication, distribution, etc. 1944
300 ## - PHYSICAL DESCRIPTION
Extent xv, 384p.
490 ## - SERIES STATEMENT
Series statement A series of monographs on electrical engineering
500 ## - GENERAL NOTE
General note Donated by Mrs. Bappu
650 ## - SUBJECT ADDED ENTRY--TOPICAL TERM
Topical term or geographic name entry element Electrical Engineering
9 (RLIN) 1774
650 ## - SUBJECT ADDED ENTRY--TOPICAL TERM
Topical term or geographic name entry element Engineering Mathematics
9 (RLIN) 2342
650 ## - SUBJECT ADDED ENTRY--TOPICAL TERM
Topical term or geographic name entry element NASA Thesaurus
942 ## - ADDED ENTRY ELEMENTS (KOHA)
Koha item type Books
Holdings
Withdrawn status Lost status Damaged status Not for loan Home library Current library Shelving location Date acquired Total Checkouts Full call number Barcode Date last seen Price effective from Koha item type
        IIA Library-Bangalore IIA Library-Bangalore General Stacks 15/07/1983   621.3:51/ WAR 8310 05/11/2021 15/07/1983 Books

Powered by Koha